000 00680nam a2200193 i 4500
001 52296
003 ES-MaACL
005 20250620063016.0
007 t|
008 030827s1979 sp ||||1| spa d
100 1 _aChávarri, Raúl,
_d1929-1984
_9161889
245 1 4 _aLos lugares del tiempo
_b: un estudio sobre la pintura de Polín Laporta /
_cRaúl Chávarri ; prólogo de J.L. López Aranguren.
260 _aMadrid :
_bDigesa :
_bFerreira,
_c[1979]
300 _a100 p., 9 lám. :
_bil. ;
_c33 cm.
600 0 4 _aLaporta, Polín.
_970169
700 1 _aAranguren, José Luis L.,
_d1909-1996
_922315
852 _aES-MaACL
_jL-463
_bR.99829
999 _c52296
_d52296